statistical methods in the analysis of road accidents (Record no. 542727)
[ view plain ]
| 000 -LEADER | |
|---|---|
| fixed length control field | 00448nam a22001457a 4500 |
| 082 ## - DEWEY DECIMAL CLASSIFICATION NUMBER | |
| Classification number | 363.1251072 |
| Author Mark | ROA |
| -- | D |
| 100 ## - MAIN ENTRY--PERSONAL NAME | |
| Personal name | O.E.C.D., |
| 9 (RLIN) | 38033 |
| 245 ## - TITLE STATEMENT | |
| Title | statistical methods in the analysis of road accidents |
| Statement of responsibility, etc. | O.E.C.D |
| 260 ## - PUBLICATION, DISTRIBUTION, ETC. | |
| Place of publication, distribution, etc. | Paris : |
| Name of publisher, distributor, etc. | Organization for economic co-operation and development |
| Date of publication, distribution, etc. | c 1970. |
| 300 ## - PHYSICAL DESCRIPTION | |
| Extent | 210 p. : |
| 526 ## - STUDY PROGRAM INFORMATION NOTE | |
| Program name | 0 |
| Interest level | 0 |
| Reading level | 0 |
| Title point value | 363_125107200000000_ROA |
| 650 ## - SUBJECT ADDED ENTRY--TOPICAL TERM | |
| Topical term or geographic name entry element | MCE |
| 9 (RLIN) | 379 |
| 700 ## - ADDED ENTRY--PERSONAL NAME | |
| Personal name | O.E.C.D |
| 9 (RLIN) | 38034 |
| 942 ## - ADDED ENTRY ELEMENTS (KOHA) | |
| Source of classification or shelving scheme | |
| Koha item type | Book |
| Withdrawn status | Lost status | Source of classification or shelving scheme | Damaged status | Not for loan | Permanent Location | Current Location | Date acquired | Total Checkouts | Full call number | Barcode | Date last seen | Price effective from | Koha item type |
|---|---|---|---|---|---|---|---|---|---|---|---|---|---|
| Military College of Engineering (MCE) | Military College of Engineering (MCE) | 02/13/2014 | 363.1251072 ROA | MCE-43125 | 02/13/2014 | 02/13/2014 | Book |
